logo

Bir Sreshtho Munshi Abdur Rouf Library
Jhenaidah Cadet College

Muslim separatism in India : (Record no. 9588)

MARC details
000 -LEADER
fixed length control field 00929cam a22002891 4500
001 - CONTROL NUMBER
JCCL Control Number 9588
003 - CONTROL NUMBER IDENTIFIER
JCCL marc code BD-JhCC
005 - DATE AND TIME OF LATEST TRANSACTION
control field 20180321175356.0
008 - FIXED-LENGTH DATA ELEMENTS--GENERAL INFORMATION
fixed length control field 180319s1967 pk b 000 0 eng
035 ## - SYSTEM CONTROL NUMBER
system control number (BD-JhCC)9588
040 ## - CATALOGING SOURCE
Original cataloging agency DLC
Transcribing agency DLC
Modifying agency DLC
-- BD-JhCC
041 ## - LANGUAGE CODE
Language code of Book eng
050 00 - LIBRARY OF CONGRESS CALL NUMBER
Classification number DS475.1
Item number .A34
082 ## - DEWEY DECIMAL CLASSIFICATION NUMBER
Author mark and Year HAM 1967
Classification number 954
100 0# - MAIN ENTRY--PERSONAL NAME
Personal name Hamid, Abdul
Titles and other words associated with a name (Professor)
245 10 - TITLE STATEMENT
Title Muslim separatism in India :
Remainder of title a brief survey, 1858-1947 /
Statement of responsibility, etc Abdul Hamid
260 ## - PUBLICATION, DISTRIBUTION, ETC. (IMPRINT)
Place of publication, distribution, etc [Lahore]
Name of publisher, distributor, etc Oxford University Press,
Date of publication, distribution, etc 1967.
300 ## - PHYSICAL DESCRIPTION
Pagination xv, 263, xi p.
Dimensions 22 cm.
350 ## - PRICE (NR) (BK AM CF MU VM SE) [OBSOLETE]
Price Rs12.50
500 ## - GENERAL NOTE
General note "Published under the auspices of the Social Sciences Research Centre, University of the Panjab."
504 ## - BIBLIOGRAPHY, ETC. NOTE
Bibliography, etc Bibliography: p. 262-263.
650 #0 - SUBJECT ADDED ENTRY--TOPICAL TERM
Topical term or geographic name as entry element Muslims
Geographic subdivision India.
651 #0 - SUBJECT ADDED ENTRY--GEOGRAPHIC NAME
Geographic name India
General subdivision Politics and government.
710 2# - ADDED ENTRY--CORPORATE NAME
Corporate name or jurisdiction name as entry element University of the Punjab.
Subordinate unit Social Sciences Research Centre.
942 ## - ADDED ENTRY ELEMENTS (KOHA)
Source of classification or shelving scheme Dewey Decimal Classification
Koha item type Books
Holdings
Source of classification or shelving scheme Damaged status Not for loan Home library Current library Shelving location Total Checkouts Full call number Barcode Date last seen Copy number Koha item type
Dewey Decimal Classification     JCC Rouf Library JCC Rouf Library General Stacks   954 HAM 1967 12681 03/20/2018 C - 1 Books

JCC Library | Contacts | JCC Home

Last Update on 23 September 2017
Copyright @ 2017-2020 JCC Rouf Library
Rouf Library, Jhenidah Cadet College (JCC), Bangladesh